Comparative evaluation of dryers used in TSR processing factories (Record no. 55925)

MARC details
000 -LEADER
fixed length control field 00505nam a2200133Ia 4500
100 ## - MAIN ENTRY--AUTHOR NAME
Personal name Balagopalan Nair M K
245 #0 - TITLE STATEMENT
Title Comparative evaluation of dryers used in TSR processing factories
260 ## - PUBLICATION, DISTRIBUTION, ETC. (IMPRINT)
Name of publisher In Seminar on technically specified rubber. Organised by the Department of Processing and Product Development, Rubber Board, Kottayam, January 4, 1994
650 ## - SUBJECT ADDED ENTRY--TOPICAL TERM
Topical Term Dryers
650 ## - SUBJECT ADDED ENTRY--TOPICAL TERM
Topical Term TSR processing factories
700 ## - ADDED ENTRY--PERSONAL NAME
Personal name Sebastian T
942 ## - ADDED ENTRY ELEMENTS (KOHA)
Koha item type Journals
Holdings
Withdrawn status Lost status Damaged status Not for loan Home library Current library Shelving location Date acquired Koha item type
      Journals RRII Library RRII Library Rubber chemistry 17/12/2021 Journals